000 00381 a2200169 4500
001 71314
020 _a8516022056
040 _cAnchieta - Colégio São Paulo
100 _aBraga, Angela
240 1 0 _aTarsila do Amaral
_lpor
245 1 0 _aTarsila do Amaral
300 _a31[1p.]
362 0 _a2000
440 1 _aModerna
650 4 _aLiteratura infanto-juvenil
942 _cBK
999 _c71314
_d71314